00822nmc a2200289 a 4500003000900000005001700009008004100026020001900067040001300086100002700099245005200126260004900178300002100227490003800248500003700286504003000323650003000353650001700383650001200400650001300412650001300425650002600438650001500464650001200479650001600491650002500507AR-BaBNM20251128204352.0011101s[199 ||||||||||||||000 | spa|| a987-99250-4-1- cAR-BaBNM1 aValsecchi, Pedro Pablo10aEducación y trabajobtras los muros escolares aBuenos AiresbEdiciones Aula Abiertac[1990] a158 p.bgráfs. 0aEntre didáctica y metodología aIntroducción por Jorge Fanelli aBibliografía p. 157-158 4aEDUCACION PARA EL TRABAJO 4aCOOPERATIVAS 4aCIENCIA 4aECONOMIA 4aEMPRESAS 4aFORMACION PROFESIONAL 4aPUBLICIDAD 4aCONSUMO 4aINFORMATICA 4aMERCADOS FINANCIEROS